书目信息 |
| 题名: |
经济学和金融学中的随机方法
|
|
| 作者: | 布罗克 , 马利亚里斯 著 ;陈守东 , 李小军 , 李元 译 | |
| 分册: | ||
| 出版信息: | 上海 上海人民出版社 2004.04 |
|
| 页数: | 208页 | |
| 开本: | 26cm | |
| 丛书名: | 现代金融方法论丛书 | |
| 单 册: | ||
| 中图分类: | F224 | |
| 科图分类: | ||
| 主题词: | 随机分析--sui ji fen xi--应用--金融学 , 随机分析--sui ji fen xi--应用--经济数学 | |
| 电子资源: | ||
| ISBN: | 7-208-04877-0 | |
| 000 | 01696nam 2200337 450 | |
| 001 | 012007479499 | |
| 005 | 20071010094214.23 | |
| 010 | @a7-208-04877-0@dCNY26.00 | |
| 100 | @a20070605d2004 km y0chiy0120 ea | |
| 101 | 1 | @achi@ceng |
| 102 | @aCN@b310000 | |
| 105 | @ay a 001yy | |
| 200 | 1 | @a经济学和金融学中的随机方法@Ajing ji xue he jin rong xue zhong de sui ji fang fa@f(美) A. G. 马利亚里斯, W. A. 布罗克著@F(mei)A.G.ma li ya li si,W.A.bu luo ke zhu@g陈守东, 李小军, 李元译@Gchen shou dong,li xiao jun,li yuan yi |
| 210 | @a上海@c上海人民出版社@d2004.04 | |
| 215 | @a208页@d26cm | |
| 225 | 2 | @a现代金融方法论丛书@Axian dai jin rong fang fa lun cong shu |
| 312 | @a并列英文题名取自版权页。 | |
| 320 | @a有书目 (第186-204页) 和索引。 | |
| 330 | @a本书为“现代金融方法论丛书”之一。随着现代经济学、金融学实证研究的发展,随机方法作为一种数学工具具有越来越重要的应用价值。本书分为两大部分。第一部分介绍了随机方法的基础知识,包括鞅方法、随机过程、最优停时、利用韦纳过程中建立不确性模型等。第二部分介绍了随机方法在经济学、金融学中的具体应用。包括期货空价、工作寻求、随机资本理论、随机经济增长、理性预期假设、价格不确定下的竞争、布莱克-斯科尔斯期权等价理论等。 | |
| 410 | 0 | @12001 @a现代金融方法论丛书 |
| 500 | 10 | @aStochastic methods in economics and finance@mChinese |
| 606 | 0 | @a随机分析@Asui ji fen xi@x应用@x金融学 |
| 606 | 0 | @a随机分析@Asui ji fen xi@x应用@x经济数学 |
| 690 | @aF224@v4 | |
| 701 | 1 | @a布罗克@Abu luo ke@g(Brock, W. A)@4著 |
| 701 | 1 | @a马利亚里斯@Ama li ya li si@g(Malliaris, A. G.)@4著 |
| 702 | 0 | @a陈守东@Achen shou dong@4译 |
| 702 | 0 | @a李小军@Ali xiao jun@4译 |
| 702 | 0 | @a李元@Ali yuan@4译 |
| 801 | 0 | @aCN@c20071010 |
| 905 | @dF224@eM099 | |
| 经济学和金融学中的随机方法/(美) A. G. 马利亚里斯, W. A. 布罗克著/陈守东, 李小军, 李元译.-上海:上海人民出版社,2004.04 |
| 208页;26cm.-(现代金融方法论丛书) |
| ISBN 7-208-04877-0:CNY26.00 |
| 本书为“现代金融方法论丛书”之一。随着现代经济学、金融学实证研究的发展,随机方法作为一种数学工具具有越来越重要的应用价值。本书分为两大部分。第一部分介绍了随机方法的基础知识,包括鞅方法、随机过程、最优停时、利用韦纳过程中建立不确性模型等。第二部分介绍了随机方法在经济学、金融学中的具体应用。包括期货空价、工作寻求、随机资本理论、随机经济增长、理性预期假设、价格不确定下的竞争、布莱克-斯科尔斯期权等价理论等。 |
| ● |
| 相关链接 |
|
|
|
正题名:经济学和金融学中的随机方法
索取号:F224/M099
 
预约/预借
| 序号 | 登录号 | 条形码 | 馆藏地/架位号 | 状态 | 备注 |
| 1 | 243559 | 202435597 | 社科库409/409社科库 72排3列4层/ [索取号:F224/M099] | 在馆 |